Vida y muerte del cosmos / (Record no. 58176)

MARC details
000 -LEADER
campo de control de longitud fija 00589nam a2200193 i 4500
001 - NÚMERO DE CONTROL
campo de control 58176
003 - IDENTIFICADOR DE NÚMERO DE CONTROL
campo de control ES-MaACL
005 - FECHA Y HORA DE LA ÚLTIMA TRANSACCIÓN
campo de control 20230906163737.0
007 - CAMPO FIJO DE DESCRIPCIÓN FÍSICA--INFORMACIÓN GENERAL
campo de control de longitud fija t|
008 - DATOS DE LONGITUD FIJA--INFORMACIÓN GENERAL
campo de control de longitud fija 031021s1960 sp ||||1| spa d
100 1# - ENTRADA PRINCIPAL--NOMBRE DE PERSONA
Nombre de persona Due Rojo, Antonio.
9 (RLIN) 45872
245 10 - MENCIÓN DEL TÍTULO
Título Vida y muerte del cosmos /
Mención de responsabilidad, etc. por Antonio Due Rojo.
260 ## - PUBLICACIÓN, DISTRIBUCIÓN, ETC.
Lugar de publicación, distribución, etc. Madrid :
Nombre del editor, distribuidor, etc. Razón y Fé,
Fecha de publicación, distribución, etc. [1960]
300 ## - DESCRIPCIÓN FÍSICA
Extensión 187 p. ;
Dimensiones 19 cm.
490 1# - MENCIÓN DE SERIE
Mención de serie Biblioteca razón y fe de cuestiones actuales
830 0# - PUNTO DE ACCESO ADICIONAL DE SERIE-TÍTULO UNIFORME
Título uniforme Biblioteca razón y fe de cuestiones actuales
9 (RLIN) 182379
852 ## - LOCALIZACIÓN
Ubicación ES-MaACL
Número de control de estantería C-19549
Sublocalización o colección R.46388
Holdings
Estatus retirado Estado de pérdida Estado de daño No para préstamo Biblioteca de origen Biblioteca actual Ubicación en estantería Fecha de adquisición Fuente de adquisición Total de préstamos Signatura topográfica completa Código de barras Visto por última vez Precio de reemplazo Tipo de ítem Koha
        Biblioteca del Ateneo de Madrid Biblioteca del Ateneo de Madrid Galería 17/01/2008     C-19549 1061051 23/02/2023 23/02/2023 Libro impreso